<?xml version="1.0" encoding="UTF-8"?>
<record
    xmlns:xsi="http://www.w3.org/2001/XMLSchema-instance"
    xsi:schemaLocation="http://www.loc.gov/MARC21/slim http://www.loc.gov/standards/marcxml/schema/MARC21slim.xsd"
    xmlns="http://www.loc.gov/MARC21/slim">

  <leader>03013nam a22003857a 4500</leader>
  <controlfield tag="003">NALT</controlfield>
  <controlfield tag="005">20241022073750.0</controlfield>
  <controlfield tag="008">240927b        th ||||| |||| 00| 0 tha d</controlfield>
  <datafield tag="020" ind1=" " ind2=" ">
    <subfield code="a">9786164763258</subfield>
  </datafield>
  <datafield tag="040" ind1=" " ind2=" ">
    <subfield code="a">NALT</subfield>
  </datafield>
  <datafield tag="050" ind1=" " ind2=" ">
    <subfield code="a">HD 2741</subfield>
    <subfield code="b">&#xE16;282&#xE18; 2565</subfield>
  </datafield>
  <datafield tag="100" ind1="0" ind2=" ">
    <subfield code="a">&#xE16;&#xE27;&#xE34;&#xE25;&#xE27;&#xE14;&#xE35; &#xE1A;&#xE38;&#xE23;&#xE35;&#xE01;&#xE38;&#xE25;.</subfield>
    <subfield code="9">2407</subfield>
  </datafield>
  <datafield tag="245" ind1="1" ind2="0">
    <subfield code="a">&#xE18;&#xE23;&#xE23;&#xE21;&#xE32;&#xE20;&#xE34;&#xE1A;&#xE32;&#xE25;&#xE43;&#xE19;&#xE01;&#xE32;&#xE23;&#xE1E;&#xE31;&#xE12;&#xE19;&#xE32;&#xE04;&#xE38;&#xE13;&#xE20;&#xE32;&#xE1E;&#xE2A;&#xE31;&#xE07;&#xE04;&#xE21; "&#xE28;&#xE34;&#xE25;&#xE1B;&#xE30;&#xE0A;&#xE38;&#xE21;&#xE0A;&#xE19; &#xE25;&#xE30;&#xE07;&#xE39;" /</subfield>
    <subfield code="c">&#xE42;&#xE14;&#xE22; &#xE16;&#xE27;&#xE34;&#xE25;&#xE27;&#xE14;&#xE35; &#xE1A;&#xE38;&#xE23;&#xE35;&#xE01;&#xE38;&#xE25;, &#xE2A;&#xE31;&#xE21;&#xE24;&#xE17;&#xE18;&#xE34;&#xE4C; &#xE40;&#xE25;&#xE35;&#xE49;&#xE22;&#xE07;&#xE1B;&#xE23;&#xE30;&#xE2A;&#xE34;&#xE17;&#xE18;&#xE34;&#xE4C;, &#xE19;&#xE38;&#xE0A;&#xE1B;&#xE23;&#xE30;&#xE20;&#xE32; &#xE42;&#xE21;&#xE01;&#xE02;&#xE4C;&#xE28;&#xE32;&#xE2A;&#xE15;&#xE23;&#xE4C;, &#xE08;&#xE34;&#xE15;&#xE23;&#xE40;&#xE25;&#xE02;&#xE32; &#xE2B;&#xE27;&#xE25;&#xE01;&#xE2A;&#xE34;&#xE19;, &#xE2D;&#xE34;&#xE19;&#xE17;&#xE38;&#xE2D;&#xE23; &#xE41;&#xE2A;&#xE07;&#xE2D;&#xE23;&#xE31;&#xE0D;, &#xE27;&#xE34;&#xE28;&#xE34;&#xE29;&#xE0E; &#xE0A;&#xE31;&#xE0A;&#xE27;&#xE32;&#xE25;&#xE17;&#xE34;&#xE32;&#xE1E;&#xE01;&#xE23;, &#xE08;&#xE34;&#xE15;&#xE01;&#xE23; &#xE41;&#xE01;&#xE49;&#xE27;&#xE19;&#xE38;&#xE49;&#xE22; &#xE41;&#xE25;&#xE30;&#xE01;&#xE25;&#xE49;&#xE27;&#xE22;&#xE44;&#xE21;&#xE49; &#xE2A;&#xE38;&#xE02;&#xE41;&#xE01;&#xE49;&#xE27;.</subfield>
  </datafield>
  <datafield tag="250" ind1=" " ind2=" ">
    <subfield code="a">&#xE1E;&#xE34;&#xE21;&#xE1E;&#xE4C;&#xE04;&#xE23;&#xE31;&#xE49;&#xE07;&#xE17;&#xE35;&#xE48; 1.</subfield>
  </datafield>
  <datafield tag="260" ind1=" " ind2=" ">
    <subfield code="a">&#xE01;&#xE23;&#xE38;&#xE07;&#xE40;&#xE17;&#xE1E;&#xE2F; :</subfield>
    <subfield code="b">&#xE2A;&#xE16;&#xE32;&#xE1A;&#xE31;&#xE19;&#xE1E;&#xE23;&#xE30;&#xE1B;&#xE01;&#xE40;&#xE01;&#xE25;&#xE49;&#xE32;,</subfield>
    <subfield code="c">2566.</subfield>
  </datafield>
  <datafield tag="300" ind1=" " ind2=" ">
    <subfield code="a">214 &#xE2B;&#xE19;&#xE49;&#xE32; :</subfield>
    <subfield code="b">&#xE20;&#xE32;&#xE1E;&#xE1B;&#xE23;&#xE30;&#xE01;&#xE2D;&#xE1A;, &#xE15;&#xE32;&#xE23;&#xE32;&#xE07; ; </subfield>
    <subfield code="c">26 &#xE0B;&#xE21;.</subfield>
  </datafield>
  <datafield tag="505" ind1="2" ind2=" ">
    <subfield code="a">&#xE1A;&#xE17;&#xE04;&#xE31;&#xE14;&#xE22;&#xE48;&#xE2D; -- &#xE1A;&#xE17;&#xE17;&#xE35;&#xE48; 1. &#xE1A;&#xE17;&#xE19;&#xE33; -- &#xE1A;&#xE17;&#xE17;&#xE35;&#xE48; 2. &#xE41;&#xE19;&#xE27;&#xE04;&#xE34;&#xE14;&#xE41;&#xE25;&#xE30;&#xE17;&#xE24;&#xE29;&#xE0E;&#xE35;&#xE17;&#xE35;&#xE48;&#xE40;&#xE01;&#xE35;&#xE48;&#xE22;&#xE27;&#xE02;&#xE49;&#xE2D;&#xE07; -- &#xE1A;&#xE17;&#xE17;&#xE35;&#xE48; 3 &#xE27;&#xE34;&#xE18;&#xE35;&#xE01;&#xE32;&#xE23;&#xE28;&#xE36;&#xE01;&#xE29;&#xE32; -- &#xE1A;&#xE17;&#xE17;&#xE35;&#xE48; 4 &#xE1C;&#xE25;&#xE01;&#xE32;&#xE23;&#xE28;&#xE36;&#xE01;&#xE29;&#xE32;&#xE01;&#xE32;&#xE23;&#xE14;&#xE33;&#xE40;&#xE19;&#xE34;&#xE19;&#xE42;&#xE04;&#xE23;&#xE07;&#xE01;&#xE32;&#xE23;&#xE28;&#xE34;&#xE25;&#xE1B;&#xE30;&#xE0A;&#xE38;&#xE21;&#xE0A;&#xE19;&#xE08;&#xE31;&#xE07;&#xE2B;&#xE27;&#xE31;&#xE14;&#xE2A;&#xE15;&#xE39;&#xE25; -- &#xE1A;&#xE17;&#xE17;&#xE35;&#xE48; 5 &#xE01;&#xE32;&#xE23;&#xE16;&#xE2D;&#xE14;&#xE1A;&#xE17;&#xE40;&#xE23;&#xE35;&#xE22;&#xE19;&#xE04;&#xE27;&#xE32;&#xE21;&#xE2A;&#xE33;&#xE40;&#xE23;&#xE47;&#xE08;&#xE02;&#xE2D;&#xE07;&#xE42;&#xE04;&#xE23;&#xE07;&#xE01;&#xE32;&#xE23;&#xE28;&#xE34;&#xE25;&#xE1B;&#xE30;&#xE0A;&#xE38;&#xE21;&#xE0A;&#xE19;&#xE25;&#xE30;&#xE07;&#xE39; &#xE08;&#xE31;&#xE07;&#xE2B;&#xE27;&#xE31;&#xE14;&#xE2A;&#xE15;&#xE39;&#xE25; -- &#xE1A;&#xE17;&#xE17;&#xE35;&#xE48; 6 &#xE2A;&#xE23;&#xE38;&#xE1B;&#xE41;&#xE25;&#xE30;&#xE02;&#xE49;&#xE2D;&#xE40;&#xE2A;&#xE19;&#xE2D;&#xE41;&#xE19;&#xE30;.</subfield>
  </datafield>
  <datafield tag="650" ind1=" " ind2="4">
    <subfield code="a">&#xE18;&#xE23;&#xE23;&#xE21;&#xE23;&#xE31;&#xE10;</subfield>
    <subfield code="9">3947</subfield>
  </datafield>
  <datafield tag="650" ind1=" " ind2="4">
    <subfield code="a">&#xE01;&#xE32;&#xE23;&#xE1E;&#xE31;&#xE12;&#xE19;&#xE32;&#xE0A;&#xE38;&#xE21;&#xE0A;&#xE19;</subfield>
    <subfield code="9">9711</subfield>
  </datafield>
  <datafield tag="650" ind1=" " ind2="4">
    <subfield code="a">&#xE01;&#xE32;&#xE23;&#xE1E;&#xE31;&#xE12;&#xE19;&#xE32;&#xE0A;&#xE38;&#xE21;&#xE0A;&#xE19; </subfield>
    <subfield code="x">&#xE01;&#xE32;&#xE23;&#xE21;&#xE35;&#xE2A;&#xE48;&#xE27;&#xE19;&#xE23;&#xE48;&#xE27;&#xE21;&#xE02;&#xE2D;&#xE07;&#xE1B;&#xE23;&#xE30;&#xE0A;&#xE32;&#xE0A;&#xE19; </subfield>
    <subfield code="z">&#xE44;&#xE17;&#xE22; </subfield>
    <subfield code="z">&#xE2A;&#xE15;&#xE39;&#xE25; </subfield>
    <subfield code="9">64816</subfield>
  </datafield>
  <datafield tag="653" ind1=" " ind2="4">
    <subfield code="a">&#xE18;&#xE23;&#xE23;&#xE21;&#xE32;&#xE20;&#xE34;&#xE1A;&#xE32;&#xE25; </subfield>
  </datafield>
  <datafield tag="653" ind1=" " ind2="4">
    <subfield code="a">&#xE28;&#xE34;&#xE25;&#xE1B;&#xE30;&#xE0A;&#xE38;&#xE21;&#xE0A;&#xE19;&#xE25;&#xE30;&#xE07;&#xE39;</subfield>
  </datafield>
  <datafield tag="700" ind1="0" ind2=" ">
    <subfield code="a">&#xE2A;&#xE31;&#xE21;&#xE24;&#xE17;&#xE18;&#xE34;&#xE4C; &#xE40;&#xE25;&#xE35;&#xE49;&#xE22;&#xE07;&#xE1B;&#xE23;&#xE30;&#xE2A;&#xE34;&#xE17;&#xE18;&#xE34;&#xE4C;</subfield>
    <subfield code="9">64812</subfield>
  </datafield>
  <datafield tag="700" ind1="0" ind2=" ">
    <subfield code="a">&#xE19;&#xE38;&#xE0A;&#xE1B;&#xE23;&#xE30;&#xE20;&#xE32; &#xE42;&#xE21;&#xE01;&#xE02;&#xE4C;&#xE28;&#xE32;&#xE2A;&#xE15;&#xE23;&#xE4C; </subfield>
    <subfield code="9">47338</subfield>
  </datafield>
  <datafield tag="700" ind1="0" ind2=" ">
    <subfield code="a">&#xE08;&#xE34;&#xE15;&#xE23;&#xE40;&#xE25;&#xE02;&#xE32; &#xE2B;&#xE27;&#xE25;&#xE01;&#xE2A;&#xE34;&#xE19;</subfield>
    <subfield code="9">55164</subfield>
  </datafield>
  <datafield tag="700" ind1="0" ind2=" ">
    <subfield code="a">&#xE2D;&#xE34;&#xE19;&#xE17;&#xE38;&#xE2D;&#xE23; &#xE41;&#xE2A;&#xE07;&#xE2D;&#xE23;&#xE31;&#xE0D;</subfield>
    <subfield code="9">64813</subfield>
  </datafield>
  <datafield tag="700" ind1="0" ind2=" ">
    <subfield code="a">&#xE27;&#xE34;&#xE28;&#xE34;&#xE29;&#xE0E; &#xE0A;&#xE31;&#xE0A;&#xE27;&#xE32;&#xE25;&#xE17;&#xE34;&#xE1E;&#xE32;&#xE01;&#xE23;</subfield>
    <subfield code="9">11956</subfield>
  </datafield>
  <datafield tag="700" ind1="0" ind2=" ">
    <subfield code="a">&#xE08;&#xE34;&#xE15;&#xE01;&#xE23; &#xE41;&#xE01;&#xE49;&#xE27;&#xE19;&#xE38;&#xE49;&#xE22;</subfield>
    <subfield code="9">64814</subfield>
  </datafield>
  <datafield tag="700" ind1="0" ind2=" ">
    <subfield code="a">&#xE01;&#xE25;&#xE49;&#xE27;&#xE22;&#xE44;&#xE21;&#xE49; &#xE2A;&#xE38;&#xE02;&#xE41;&#xE01;&#xE49;&#xE27;</subfield>
    <subfield code="9">64815</subfield>
  </datafield>
  <datafield tag="942" ind1=" " ind2=" ">
    <subfield code="c">RSH</subfield>
    <subfield code="2">lcc</subfield>
  </datafield>
  <datafield tag="996" ind1=" " ind2=" ">
    <subfield code="a">chunbijaya.r</subfield>
    <subfield code="b">CATSTF	</subfield>
    <subfield code="c">2024-09-27</subfield>
  </datafield>
  <datafield tag="996" ind1=" " ind2=" ">
    <subfield code="a">saiphon.d</subfield>
    <subfield code="b">CATSTF	</subfield>
    <subfield code="c">2024-09-30</subfield>
  </datafield>
  <datafield tag="999" ind1=" " ind2=" ">
    <subfield code="c">105898</subfield>
    <subfield code="d">105898</subfield>
  </datafield>
  <datafield tag="998" ind1=" " ind2=" ">
    <subfield code="j"></subfield>
    <subfield code="k">CRON CRON</subfield>
  </datafield>
  <datafield tag="952" ind1=" " ind2=" ">
    <subfield code="0">0</subfield>
    <subfield code="1">0</subfield>
    <subfield code="2">lcc</subfield>
    <subfield code="4">0</subfield>
    <subfield code="7">0</subfield>
    <subfield code="8">CRSH</subfield>
    <subfield code="a">NALT</subfield>
    <subfield code="b">NALT</subfield>
    <subfield code="c">RSH</subfield>
    <subfield code="d">2024-09-27</subfield>
    <subfield code="l">0</subfield>
    <subfield code="o">&#xE27; HD 2741 &#xE16;282&#xE18; 2565</subfield>
    <subfield code="p">3961214578</subfield>
    <subfield code="r">2024-09-27 00:00:00</subfield>
    <subfield code="t">&#xE09;.1</subfield>
    <subfield code="w">2024-09-27</subfield>
    <subfield code="y">RSH</subfield>
  </datafield>
  <datafield tag="952" ind1=" " ind2=" ">
    <subfield code="0">0</subfield>
    <subfield code="1">0</subfield>
    <subfield code="2">lcc</subfield>
    <subfield code="4">0</subfield>
    <subfield code="7">0</subfield>
    <subfield code="8">CRSH</subfield>
    <subfield code="a">NALT</subfield>
    <subfield code="b">NALT</subfield>
    <subfield code="c">RSH</subfield>
    <subfield code="d">2024-09-27</subfield>
    <subfield code="l">0</subfield>
    <subfield code="o">&#xE27; HD 2741 &#xE16;282&#xE18; 2565</subfield>
    <subfield code="p">3961214579</subfield>
    <subfield code="r">2024-09-27 00:00:00</subfield>
    <subfield code="t">&#xE09;.2</subfield>
    <subfield code="w">2024-09-27</subfield>
    <subfield code="y">RSH</subfield>
  </datafield>
</record>
